书目信息 |
| 题名: |
职业卫生
|
|
| 作者: | 张家志 , 邢军 编著 | |
| 分册: | ||
| 出版信息: | 北京 劳动人事出版社 1999.03 |
|
| 页数: | 286页 | |
| 开本: | 19cm | |
| 丛书名: | ||
| 单 册: | ||
| 中图分类: | R13 | |
| 科图分类: | ||
| 主题词: | 劳动卫生 | |
| 电子资源: | ||
| ISBN: | 7-5045-2440-9 | |
| 000 | 00818nam0 2200229 450 | |
| 001 | 0132947250 | |
| 005 | 20050915111852.47 | |
| 010 | @a7-5045-2440-9@dCNY11.30 | |
| 100 | @a20050126d1999 km y0chiy0120 ea | |
| 101 | 0 | @achi |
| 102 | @aCN@b110000 | |
| 105 | @aa z 000yy | |
| 200 | 1 | @a职业卫生@Azhi ye wei sheng@f张家志, 邢军编著@Fzhang jia zhi,xing jun bian zhu |
| 210 | @a北京@c劳动人事出版社@d1999.03 | |
| 215 | @a286页@c图@d19cm | |
| 330 | @a本书共分为十八章。内容包括:绪言,毒物,粉尘,噪声,振动,气象条件环境温度,空调间,高、低气压,电磁辐射,妇女职业卫生,生产照明,职业性眼病,事故分析与安全评价,作业环境监测与分析方法等。 | |
| 606 | 0 | @a劳动卫生 |
| 690 | @aR13@v4 | |
| 701 | 0 | @a张家志@Azhang jia zhi@4编著 |
| 701 | 0 | @a邢军@Axing jun@4编著 |
| 801 | 0 | @aCN@bQSSK@c20050915 |
| 905 | @a10447@dR13@eZ129 | |
| 职业卫生/张家志, 邢军编著.-北京:劳动人事出版社,1999.03 |
| 286页:图;19cm |
| ISBN 7-5045-2440-9:CNY11.30 |
| 本书共分为十八章。内容包括:绪言,毒物,粉尘,噪声,振动,气象条件环境温度,空调间,高、低气压,电磁辐射,妇女职业卫生,生产照明,职业性眼病,事故分析与安全评价,作业环境监测与分析方法等。 |
| ● |
| 相关链接 |
|
|
|
正题名:职业卫生
索取号:R13/Z129
 
预约/预借
| 序号 | 登录号 | 条形码 | 馆藏地/架位号 | 状态 | 备注 |
| 1 | 564970 | 205649707 | 自科库401/401自科库 103排6列1层/ [索取号:R13/Z129] | 在馆 | |
| 2 | 564971 | 205649716 | 自科库401/401自科库 103排6列1层/ [索取号:R13/Z129] | 在馆 | |
| 3 | 564972 | 205649725 | 自科库401/401自科库 103排6列1层/ [索取号:R13/Z129] | 在馆 |